[Event "Heart of Finland"]
[Site "Jyvaskyla FIN"]
[Date "2010.07.11"]
[Round "9"]
[White "Novik, Ma"]
[Black "Luukkonen, T."]
[Result "0-1"]
[WhiteElo "2475"]
[BlackElo "2250"]
[PlyCount "110"]
[EventDate "2010.07.05"]

1. d4 Nf6 2. c4 c5 3. d5 e6 4. Nc3 exd5 5. cxd5 d6 6. Nf3 g6 7. g3 Bg7 8. Bg2
O-O 9. O-O a6 10. a4 Re8 11. Bf4 Qe7 12. Qd2 Bg4 13. Ng5 Nh5 14. Nge4 Nxf4 15.
Qxf4 f5 16. Ng5 Be5 17. Qd2 Nd7 18. Rae1 b5 19. Ne6 b4 20. Nd1 Nb6 21. Ne3 Nxa4
22. h3 Bh5 23. g4 Nxb2 24. gxh5 a5 25. Rb1 c4 26. Rxb2 c3 27. Qd3 cxb2 28. Nc4
Bc3 29. hxg6 a4 30. Qxf5 a3 31. Be4 Qf6 32. Qh5 Re7 33. Kh2 a2 34. f4 a1=Q 35.
Bb1 Qa7 36. Nxd6 hxg6 37. Bxg6 Be5 38. Nf5 Rxe6 39. dxe6 b1=Q 40. Bf7+ Kf8 41.
Rxb1 Bxf4+ 42. Kg2 Qb7+ 43. Kf2 Qb6+ 44. Kf3 Ra3+ 45. Kg4 Qbd8 46. h4 Bd6 47.
Rf1 Qa8 48. Qg5 Qe4+ 49. Kh5 Qxe2+ 50. Qg4 Qh8+ 51. Kg5 Qxg4+ 52. Kxg4 Qe5 53.
Rg1 Qe4+ 54. Kg5 Ra5 55. Kh6 Bf4+ 0-1